[Event "DEM U18w 2012"]
[Site "Oberhof GER"]
[Date "2012.06.01"]
[Round "8"]
[White "Stark, Saskia"]
[Black "Evers, Annika"]
[Result "1-0"]
[Termination "normal"]
[Board "2"]
[WhiteElo "1980"]
[BlackElo "1763"]
[PlyCount "61"]
[WhiteFideId "4601050"]
[BlackFideId "24691933"]
[EventCountry "GER"]
[EventRounds "9"]
[EventType "swiss"]
[EventDate "2012.05.26"]

1. e4 c5 2. Nc3 e6 3. g3 Nc6 4. Bg2 g6 5. d3 Bg7 6. Be3 d6 7. Qd2 Nge7 8. Bh6
O-O 9. h4 d5 10. h5 dxe4 11. hxg6 Nxg6 12. Bxg7 Kxg7 13. Qh6+ Kf6 14. Nxe4+ Ke7
15. Qg5+ Ke8 16. Nf6+ Ke7 17. Bxc6 bxc6 18. Rxh7 Qd4 19. Ne4+ Ke8 20. O-O-O Rb8
21. c3 Qa4 22. Qxc5 Bd7 23. Qd6 Rb7 24. Nc5 Qxa2 25. Nxb7 Qa1+ 26. Kc2 Qa4+ 27.
Kd2 Qb5 28. Qb4 Qg5+ 29. Kc2 Qf6 30. Nd6+ Kd8 31. Ne4 1-0

[Event "DEM U18w 2012"]
[Site "Oberhof GER"]
[Date "2012.06.01"]
[Round "8"]
[White "Sancar, Alina"]
[Black "Tran, My Linh"]
[Result "1/2-1/2"]
[Termination "normal"]
[Board "3"]
[WhiteElo "1818"]
[BlackElo "2030"]
[PlyCount "65"]
[WhiteFideId "4624750"]
[BlackFideId "24682462"]
[EventCountry "GER"]
[EventRounds "9"]
[EventType "swiss"]
[EventDate "2012.05.26"]

1. d4 Nf6 2. Nf3 e6 3. g3 b6 4. Bg2 Bb7 5. O-O c5 6. c3 Be7 7. Nbd2 O-O 8. Re1
d6 9. e4 Nbd7 10. e5 Ne8 11. Nc4 cxd4 12. cxd4 Rc8 13. b3 Bd5 14. Ncd2 dxe5 15.
dxe5 Nc5 16. Ba3 Nd3 17. Bxe7 Qxe7 18. Rf1 Qb7 19. Qe2 Nb4 20. Nc4 b5 21. Ne3
Be4 22. Rfc1 Nc7 23. a3 Nbd5 24. Nxd5 Bxd5 25. Nh4 a6 26. Rc2 Bxg2 27. Nxg2 Nd5
28. Rac1 h6 29. Qe4 Qd7 30. Qd3 Qb7 31. Qe4 Qd7 32. Qd3 Qb7 33. Qe4 1/2-1/2

[Event "DEM U18w 2012"]
[Site "Oberhof GER"]
[Date "2012.06.01"]
[Round "8"]
[White "Kühnel, Lena"]
[Black "Schrader, Elanor"]
[Result "1-0"]
[Termination "normal"]
[Board "4"]
[WhiteElo "1927"]
[BlackElo "1597"]
[PlyCount "63"]
[WhiteFideId "24640956"]
[BlackFideId "12951919"]
[EventCountry "GER"]
[EventRounds "9"]
[EventType "swiss"]
[EventDate "2012.05.26"]

1. e4 c5 2. Nf3 Nc6 3. d4 cxd4 4. Nxd4 g6 5. c4 Bg7 6. Be3 Nf6 7. Nc3 O-O 8.
Be2 d6 9. O-O Nxd4 10. Bxd4 Bd7 11. Re1 Bc6 12. Bd3 a5 13. Qd2 a4 14. Nd5 e6
15. Nxf6+ Bxf6 16. Bxf6 Qxf6 17. Rad1 Rfd8 18. Qb4 d5 19. cxd5 exd5 20. e5 Qg5
21. Qd4 Re8 22. Re3 Re6 23. f4 Qh5 24. Rf1 Rae8 25. Be2 Qh4 26. g3 Qd8 27. f5
R6e7 28. f6 Rc7 29. Qf4 Re6 30. Rd1 Qf8 31. Bg4 Re8 32. e6 1-0

[Event "DEM U18w 2012"]
[Site "Oberhof GER"]
[Date "2012.06.01"]
[Round "8"]
[White "Mehling, Franziska"]
[Black "Schmitt, Katrin"]
[Result "1/2-1/2"]
[Termination "normal"]
[Board "5"]
[WhiteElo "1732"]
[BlackElo "1827"]
[PlyCount "98"]
[WhiteFideId "12900133"]
[BlackFideId "24654400"]
[EventCountry "GER"]
[EventRounds "9"]
[EventType "swiss"]
[EventDate "2012.05.26"]

1. d4 d5 2. c4 e6 3. Nc3 Nf6 4. cxd5 exd5 5. Bg5 Be7 6. Qc2 c6 7. Nf3 Nbd7 8.
e3 O-O 9. Bd3 Re8 10. h3 Nf8 11. Bf4 Ng6 12. Bh2 Bd6 13. Bxd6 Qxd6 14. O-O-O
Be6 15. Kb1 b5 16. Rc1 Rec8 17. Nd2 a5 18. Nb3 Nf8 19. Nc5 N6d7 20. Ne2 Nb6 21.
Ng3 Nc4 22. Nf5 Bxf5 23. Bxf5 Rc7 24. Rhd1 Kh8 25. Qe2 Qf6 26. Bd3 Ne6 27. Nxe6
Qxe6 28. Rc2 Rb7 29. Rdc1 Rb6 30. Ka1 a4 31. Qh5 h6 32. Qf5 Qxf5 33. Bxf5 g6
34. Bd3 Kg7 35. e4 Re8 36. e5 Ra6 37. Kb1 Rc8 38. Rc3 Rca8 39. Be2 Kf8 40. f4
Nd2+ 41. Kc2 Nc4 42. g4 Re8 43. Rf1 Ra7 44. f5 Kg7 45. fxg6 fxg6 46. Rf6 c5 47.
Bxc4 dxc4 48. dxc5 Rxe5 49. Rc6 Rd7 1/2-1/2

[Event "DEM U18w 2012"]
[Site "Oberhof GER"]
[Date "2012.06.01"]
[Round "8"]
[White "Marx, Inga"]
[Black "Dietrich, Mareike"]
[Result "1-0"]
[Termination "normal"]
[Board "7"]
[WhiteElo "1804"]
[BlackElo "1433"]
[PlyCount "49"]
[WhiteFideId "4654749"]
[BlackFideId "12902470"]
[EventCountry "GER"]
[EventRounds "9"]
[EventType "swiss"]
[EventDate "2012.05.26"]

1. e4 c5 2. Nf3 e6 3. d4 cxd4 4. Nxd4 Bc5 5. Nb3 Bb6 6. Nc3 Ne7 7. Bf4 d5 8.
Qf3 O-O 9. O-O-O d4 10. Qg3 Nbc6 11. Nb5 Ng6 12. Bd6 Re8 13. e5 f6 14. f4 fxe5
15. fxe5 Qd7 16. h4 a6 17. Na3 Bc7 18. Nxd4 Ncxe5 19. Bxc7 Qxc7 20. h5 Ne7 21.
Nc4 Rd8 22. Qxe5 Qxe5 23. Nxe5 b5 24. Be2 Bb7 25. Nxe6 1-0

[Event "DEM U18w 2012"]
[Site "Oberhof GER"]
[Date "2012.06.01"]
[Round "8"]
[White "Lange, Anika"]
[Black "Bornschier, Lisa"]
[Result "0-1"]
[Termination "normal"]
[Board "8"]
[WhiteElo "1621"]
[BlackElo "1347"]
[PlyCount "98"]
[WhiteFideId "24693405"]
[BlackFideId "12951927"]
[EventCountry "GER"]
[EventRounds "9"]
[EventType "swiss"]
[EventDate "2012.05.26"]

1. d4 d5 2. Nf3 Nf6 3. e3 Bg4 4. c4 e6 5. Bd3 Nbd7 6. Nbd2 Bd6 7. O-O c6 8. Qc2
Qe7 9. e4 dxe4 10. Bxe4 Nxe4 11. Qxe4 f5 12. Qe3 O-O 13. Re1 f4 14. Qb3 Rab8
15. Ne4 Bc7 16. Bd2 a5 17. Neg5 Rf6 18. Qc2 Bf5 19. Qc1 Bg4 20. h3 Bh5 21. Qc3
Re8 22. a3 h6 23. Ne4 Rg6 24. b4 a4 25. Qd3 e5 26. dxe5 Nxe5 27. Nxe5 Bxe5 28.
Rab1 Qe6 29. Nc5 Rxg2+ 30. Kh1 Qc8 31. Qd7 Qxd7 32. Nxd7 Rxf2 33. Nxe5 Rxd2 34.
Nd7 Rxd7 35. Rxe8+ Bxe8 36. Kg2 Rd3 37. Re1 Bf7 38. c5 Bd5+ 39. Kf2 Re3 40. Ra1
Rf3+ 41. Ke2 Rxh3 42. Kf2 g5 43. Re1 Rh2+ 44. Kf1 Rh1+ 45. Kf2 Rxe1 46. Kxe1
Kg7 47. Kf2 h5 48. Kg1 Kf6 49. Kf2 h4 0-1

[Event "DEM U18w 2012"]
[Site "Oberhof GER"]
[Date "2012.06.01"]
[Round "8"]
[White "Nolte, Katharina"]
[Black "Kostre, Margarita"]
[Result "1/2-1/2"]
[Termination "normal"]
[Board "9"]
[WhiteElo "1507"]
[BlackElo "1764"]
[PlyCount "79"]
[WhiteFideId "12937584"]
[BlackFideId "4673344"]
[EventCountry "GER"]
[EventRounds "9"]
[EventType "swiss"]
[EventDate "2012.05.26"]

1. e4 e5 2. Nf3 Nc6 3. d4 exd4 4. Nxd4 Nf6 5. Nxc6 bxc6 6. e5 Nd5 7. c4 Nb6 8.
Nc3 d5 9. b3 Bb4 10. Bd2 Qe7 11. Qe2 Be6 12. cxd5 cxd5 13. Nb1 O-O 14. g3 Bf5
15. Bg2 Rfe8 16. O-O Bxd2 17. Nxd2 Qxe5 18. Qxe5 Rxe5 19. Rfe1 Rae8 20. Nf3
Rxe1+ 21. Rxe1 Rxe1+ 22. Nxe1 Bb1 23. a3 Ba2 24. b4 Kf8 25. Nc2 Ke7 26. Nd4 Kd7
27. f4 c6 28. Bh3+ Kc7 29. Bf5 g6 30. Bd3 Nc4 31. a4 Nd6 32. Kf2 Ne4+ 33. Ke1
Nc3 34. Bc2 Bc4 35. Kd2 Ne4+ 36. Ke3 Nf6 37. Kf3 a6 38. a5 Ne8 39. Ba4 Bb5 40.
Nxb5+ 1/2-1/2

[Event "DEM U18w 2012"]
[Site "Oberhof GER"]
[Date "2012.06.01"]
[Round "8"]
[White "Alt, Elisabeth"]
[Black "Schäfer, Ann-Kathrin"]
[Result "0-1"]
[Termination "normal"]
[Board "10"]
[WhiteElo "1554"]
[BlackElo "1701"]
[PlyCount "70"]
[WhiteFideId "24692620"]
[BlackFideId "24615412"]
[EventCountry "GER"]
[EventRounds "9"]
[EventType "swiss"]
[EventDate "2012.05.26"]

1. d4 Nf6 2. Nf3 g6 3. Nc3 d5 4. Bf4 Bg7 5. e3 O-O 6. Bd3 Nh5 7. Bg5 b6 8. Qe2
c5 9. Qd2 Nc6 10. Be2 cxd4 11. exd4 Nf6 12. Ne5 Nxe5 13. dxe5 Ne4 14. Nxe4 dxe4
15. Qxd8 Rxd8 16. Bxe7 Re8 17. Bf6 Bxf6 18. exf6 Re6 19. Rd1 Rxf6 20. Rd8+ Kg7
21. Bg4 Bxg4 22. Rxa8 Rd6 23. f3 exf3 24. Rxa7 Rd1+ 25. Kf2 Rxh1 26. gxf3 Bf5
27. Rb7 Rxh2+ 28. Kg3 Rxc2 29. Rxb6 h5 30. a4 h4+ 31. Kxh4 Rc4+ 32. Kg3 Rxa4
33. b4 Ra3 34. Kf2 Rb3 35. Rb8 Be6 0-1

[Event "DEM U18w 2012"]
[Site "Oberhof GER"]
[Date "2012.06.02"]
[Round "9"]
[White "Tran, My Linh"]
[Black "Stark, Saskia"]
[Result "1-0"]
[Termination "normal"]
[Board "1"]
[WhiteElo "2030"]
[BlackElo "1980"]
[PlyCount "109"]
[WhiteFideId "24682462"]
[BlackFideId "4601050"]
[EventCountry "GER"]
[EventRounds "9"]
[EventType "swiss"]
[EventDate "2012.05.26"]

1. e4 c5 2. Nf3 e6 3. c4 a6 4. Nc3 d6 5. d4 cxd4 6. Nxd4 Nf6 7. Be2 Qc7 8. O-O
Nbd7 9. Be3 b6 10. f3 Be7 11. Qd2 Bb7 12. Rfc1 Rc8 13. a4 O-O 14. a5 bxa5 15.
Nb3 a4 16. Nxa4 Nc5 17. Na5 Ba8 18. b4 Nxa4 19. Rxa4 Rfd8 20. Raa1 Nd7 21. Rab1
Rb8 22. Bf1 h6 23. Rb3 Ne5 24. b5 Bb7 25. Rcb1 Nd7 26. Qa2 Nc5 27. b6 Qd7 28.
Ra3 Ba8 29. Bxc5 dxc5 30. Rab3 Bb7 31. Rd3 Qc8 32. Ra3 Ba8 33. Qc2 Rd6 34. Rab3
Bb7 35. Qa2 Bd8 36. e5 Rd7 37. Bd3 Bg5 38. Nxb7 Qxb7 39. Be4 Qc8 40. b7 Qd8 41.
Rf1 Rd2 42. Qa3 Qd4+ 43. Kh1 Qxe5 44. Rd3 f5 45. Rxd2 Bxd2 46. Bc6 a5 47. Qd3
Qc7 48. Bd7 Bf4 49. Bxe6+ Kh8 50. Bd5 Bxh2 51. Qxf5 Bg3 52. Be4 g5 53. Rd1 Qg7
54. Rd7 Qa1+ 55. Bb1 1-0

[Event "DEM U18w 2012"]
[Site "Oberhof GER"]
[Date "2012.06.02"]
[Round "9"]
[White "Schmitt, Katrin"]
[Black "Schulz, Anja"]
[Result "0-1"]
[Termination "normal"]
[Board "2"]
[WhiteElo "1827"]
[BlackElo "2124"]
[PlyCount "48"]
[WhiteFideId "24654400"]
[BlackFideId "24647845"]
[EventCountry "GER"]
[EventRounds "9"]
[EventType "swiss"]
[EventDate "2012.05.26"]

1. e4 c5 2. Nf3 d6 3. d4 cxd4 4. Nxd4 Nf6 5. Nc3 a6 6. Bg5 Nbd7 7. f4 h6 8. Bh4
e5 9. fxe5 dxe5 10. Nf5 Qb6 11. Bxf6 Nxf6 12. Qd3 Bxf5 13. exf5 Rd8 14. Qe2 Be7
15. Rd1 O-O 16. Rxd8 Rxd8 17. Nd1 Rd4 18. Qxe5 Re4+ 19. Qxe4 Nxe4 20. Bd3 Nc5
21. Rf1 Qa5+ 22. Nc3 Qb4 23. Kd1 Nxd3 24. cxd3 Qxb2 0-1

[Event "DEM U18w 2012"]
[Site "Oberhof GER"]
[Date "2012.06.02"]
[Round "9"]
[White "Zeller, Elisa"]
[Black "Sancar, Alina"]
[Result "1/2-1/2"]
[Termination "normal"]
[Board "3"]
[WhiteElo "1828"]
[BlackElo "1818"]
[PlyCount "55"]
[WhiteFideId "24662410"]
[BlackFideId "4624750"]
[EventCountry "GER"]
[EventRounds "9"]
[EventType "swiss"]
[EventDate "2012.05.26"]

1. e4 d5 2. exd5 Qxd5 3. Nc3 Qa5 4. d4 Nf6 5. Bd2 c6 6. Qe2 Qb6 7. O-O-O Na6 8.
Bg5 Bf5 9. Bxf6 gxf6 10. g4 Bg6 11. f4 Bh6 12. Qf2 Nb4 13. Rd2 Nxc2 14. Rxc2
Bxc2 15. Kxc2 O-O-O 16. Nge2 Bg7 17. f5 e5 18. fxe6 fxe6 19. Bh3 Kb8 20. Qg3+
Ka8 21. Rd1 e5 22. dxe5 fxe5 23. Qg1 Qc7 24. Ng3 Rxd1 25. Qxd1 Rd8 26. Qe2 Bh6
27. Nge4 Bf4 28. Bf1 1/2-1/2

[Event "DEM U18w 2012"]
[Site "Oberhof GER"]
[Date "2012.06.02"]
[Round "9"]
[White "Evers, Annika"]
[Black "Mehling, Franziska"]
[Result "1-0"]
[Termination "normal"]
[Board "5"]
[WhiteElo "1763"]
[BlackElo "1732"]
[PlyCount "63"]
[WhiteFideId "24691933"]
[BlackFideId "12900133"]
[EventCountry "GER"]
[EventRounds "9"]
[EventType "swiss"]
[EventDate "2012.05.26"]

1. d4 Nf6 2. Nf3 g6 3. Bg5 Bg7 4. e3 d6 5. Nbd2 O-O 6. Bd3 Nbd7 7. c3 e5 8.
dxe5 dxe5 9. Qc2 Re8 10. Ne4 Qe7 11. O-O-O Nc5 12. Nxc5 Qxc5 13. Bxf6 Bxf6 14.
h4 Be6 15. Kb1 Qa5 16. c4 b5 17. Ng5 Rab8 18. Nxe6 Rxe6 19. cxb5 e4 20. Bxe4
Qxb5 21. b3 Qe5 22. Rd4 c5 23. f4 Qc7 24. Rd5 Qe7 25. Bf3 Rxe3 26. Qxc5 Re1+
27. Rxe1 Qxe1+ 28. Rd1 Qxh4 29. Qc7 Re8 30. Qc6 Re7 31. g3 Qxg3 32. Qxf6 1-0

[Event "DEM U18w 2012"]
[Site "Oberhof GER"]
[Date "2012.06.02"]
[Round "9"]
[White "Schrader, Elanor"]
[Black "Bornschier, Lisa"]
[Result "1-0"]
[Termination "normal"]
[Board "6"]
[WhiteElo "1597"]
[BlackElo "1347"]
[PlyCount "81"]
[WhiteFideId "12951919"]
[BlackFideId "12951927"]
[EventCountry "GER"]
[EventRounds "9"]
[EventType "swiss"]
[EventDate "2012.05.26"]

1. e4 e5 2. Nf3 Nc6 3. Bb5 a6 4. Ba4 Nf6 5. O-O Nxe4 6. Re1 Nc5 7. Bxc6 dxc6 8.
Nxe5 Be7 9. d4 Ne6 10. c3 O-O 11. Be3 Qd6 12. Nd2 c5 13. Ndc4 Qd5 14. dxc5 Qxd1
15. Raxd1 Nxc5 16. Bxc5 Bxc5 17. b4 Be7 18. Nd7 Re8 19. g3 b5 20. Na5 Bxd7 21.
Rxd7 Bd6 22. Rxe8+ Rxe8 23. Nb7 Be5 24. Nc5 g6 25. Nxa6 Bxc3 26. Rxc7 Ra8 27.
Rxc3 Rxa6 28. Rc8+ Kg7 29. Rb8 Rxa2 30. Rxb5 Rb2 31. Rb7 Kf8 32. b5 Ke8 33. b6
Rb5 34. Kg2 h5 35. Rb8+ Kd7 36. b7 Kc7 37. Rf8 f5 38. b8=Q+ Rxb8 39. Rxb8 Kxb8
40. Kf3 g5 41. h4 1-0

[Event "DEM U18w 2012"]
[Site "Oberhof GER"]
[Date "2012.06.02"]
[Round "9"]
[White "Alt, Elisabeth"]
[Black "Marx, Inga"]
[Result "0-1"]
[Termination "normal"]
[Board "7"]
[WhiteElo "1554"]
[BlackElo "1804"]
[PlyCount "56"]
[WhiteFideId "24692620"]
[BlackFideId "4654749"]
[EventCountry "GER"]
[EventRounds "9"]
[EventType "swiss"]
[EventDate "2012.05.26"]

1. e4 c6 2. d4 g6 3. Nc3 d5 4. h3 Bg7 5. Nf3 dxe4 6. Nxe4 Nd7 7. Bc4 Ngf6 8.
Nxf6+ Nxf6 9. O-O O-O 10. Bf4 Nd5 11. Bg3 b6 12. Ne5 Bb7 13. Qd2 Nf6 14. Qe3
Rc8 15. Rad1 e6 16. b4 Qe7 17. a3 Nd5 18. Qd2 Rfd8 19. Bb3 c5 20. dxc5 bxc5 21.
c4 Nxb4 22. Qe3 Nc6 23. Nd3 Rd4 24. Rc1 Rcd8 25. Rfd1 Na5 26. Ba2 Be4 27. Nb2
Qb7 28. Qe2 Qxb2 0-1

[Event "DEM U18w 2012"]
[Site "Oberhof GER"]
[Date "2012.06.02"]
[Round "9"]
[White "Schäfer, Ann-Kathrin"]
[Black "Serif, Amelie"]
[Result "1-0"]
[Termination "normal"]
[Board "8"]
[WhiteElo "1701"]
[BlackElo "1754"]
[PlyCount "89"]
[WhiteFideId "24615412"]
[EventCountry "GER"]
[EventRounds "9"]
[EventType "swiss"]
[EventDate "2012.05.26"]

1. d4 c5 2. e4 cxd4 3. c3 Nc6 4. cxd4 d6 5. Nc3 g6 6. Bc4 Bg7 7. Nf3 Nf6 8. O-O
O-O 9. h3 e6 10. Bg5 Qd7 11. Qe2 a6 12. a4 b6 13. d5 exd5 14. Nxd5 Nxd5 15.
Bxd5 Bb7 16. Rac1 Rac8 17. b3 Rfe8 18. Qd2 Nd8 19. Bxb7 Nxb7 20. Rxc8 Rxc8 21.
Qd5 Rc5 22. Qd2 Qc6 23. Be3 Rc3 24. Nd4 Qc8 25. Rb1 Rc7 26. Qb4 Nc5 27. Qxb6
Nxe4 28. f3 Nc3 29. Re1 Nd5 30. Qxd6 Rd7 31. Qc6 Qb7 32. Qxb7 Rxb7 33. Bf2 Kf8
34. Rc1 Bxd4 35. Bxd4 Rxb3 36. Rc6 Nb4 37. Bc5+ Ke8 38. Bxb4 Rxb4 39. Rxa6 Kd7
40. Kf2 Kc7 41. Ra7+ Rb7 42. Rxb7+ Kxb7 43. Ke3 Ka6 44. Kf4 f6 45. g4 1-0

[Event "DEM U18w 2012"]
[Site "Oberhof GER"]
[Date "2012.06.02"]
[Round "9"]
[White "Lange, Anika"]
[Black "Nolte, Katharina"]
[Result "1/2-1/2"]
[Termination "normal"]
[Board "10"]
[WhiteElo "1621"]
[BlackElo "1507"]
[PlyCount "87"]
[WhiteFideId "24693405"]
[BlackFideId "12937584"]
[EventCountry "GER"]
[EventRounds "9"]
[EventType "swiss"]
[EventDate "2012.05.26"]

1. d4 Nf6 2. g3 g6 3. Bg2 d5 4. Nf3 Bg7 5. O-O O-O 6. b3 Nbd7 7. Bb2 c5 8. e3
b6 9. Nbd2 Bb7 10. c4 Rc8 11. Rc1 cxd4 12. exd4 Rc7 13. Re1 e6 14. Ne5 Qe7 15.
Nxd7 Qxd7 16. c5 bxc5 17. dxc5 a5 18. a3 Rfc8 19. b4 axb4 20. axb4 Ra8 21. Qb3
Qa4 22. b5 Qxb3 23. Nxb3 Ra2 24. Be5 Rc8 25. c6 Ba8 26. Ra1 Rc2 27. Rac1 Ra2
28. Nc5 Ne8 29. Bxg7 Kxg7 30. Nd7 Rb2 31. Rb1 Rxb1 32. Rxb1 Nd6 33. Nb6 Rb8 34.
Nxa8 Rxa8 35. b6 Rb8 36. b7 Ne8 37. Rc1 Nc7 38. Kf1 Kf6 39. Ke2 Ke5 40. Kd3 Kd6
41. Ke3 Na6 42. Bf1 Nc7 43. f3 e5 44. Bg2 1/2-1/2

[Event "DEM U16 2012"]
[Site "Oberhof GER"]
[Date "2012.05.27"]
[Round "1"]
[White "Kvetny, Mark"]
[Black "Grewenig, Jan"]
[Result "1-0"]
[Termination "normal"]
[Board "1"]
[WhiteElo "2230"]
[BlackElo "1918"]
[PlyCount "63"]
[WhiteFideId "24603929"]
[BlackFideId "4657330"]
[EventCountry "GER"]
[EventRounds "9"]
[EventType "swiss"]
[EventDate "2012.05.26"]

1. d4 Nf6 2. c4 c5 3. d5 b5 4. cxb5 a6 5. b6 d6 6. Nc3 Qxb6 7. Nf3 g6 8. Nd2
Bg7 9. e4 O-O 10. Be2 Qc7 11. O-O Nbd7 12. a4 Rb8 13. Nc4 Nb6 14. Na3 Nbd7 15.
Qc2 Bb7 16. Bf4 e6 17. Nc4 exd5 18. Bxd6 Qc8 19. Bxb8 Qxb8 20. exd5 Nxd5 21.
Nxd5 Bxd5 22. Rad1 Bd4 23. Qd3 Re8 24. Ne3 Bb7 25. Nc2 Ne5 26. Qb3 Nc6 27. Bc4
Re7 28. Bd5 Na5 29. Qb6 Be5 30. Qxa5 Bxh2+ 31. Kh1 Qe5 32. Qc3 1-0

[Event "DEM U16 2012"]
[Site "Oberhof GER"]
[Date "2012.05.27"]
[Round "1"]
[White "Arnoczky, Philipp"]
[Black "Lampert, Jonas"]
[Result "0-1"]
[Termination "time forfeit"]
[Board "2"]
[WhiteElo "1999"]
[BlackElo "2279"]
[PlyCount "78"]
[WhiteFideId "12913243"]
[BlackFideId "1303759"]
[EventCountry "GER"]
[EventRounds "9"]
[EventType "swiss"]
[EventDate "2012.05.26"]

1. d4 Nf6 2. c4 c6 3. Nf3 d5 4. Nc3 e6 5. Qd3 Nbd7 6. Bf4 Be7 7. g3 O-O 8. Bg2
b6 9. cxd5 exd5 10. O-O Re8 11. Rfd1 Bb7 12. Ne5 Bf8 13. e4 dxe4 14. Nxe4 Nxe5
15. Bxe5 Nd5 16. Nc3 Nxc3 17. Qxc3 Bd6 18. Rac1 Rc8 19. Qb3 Qc7 20. f4 Bxe5 21.
dxe5 c5 22. Bxb7 Qxb7 23. Qd5 Qe7 24. Qd6 Kf8 25. Rd5 Red8 26. Qxe7+ Kxe7 27.
Rcd1 Rxd5 28. Rxd5 c4 29. Rd2 c3 30. bxc3 Rxc3 31. Kf2 Ra3 32. Ke2 h5 33. Kf2
Ke6 34. h3 h4 35. gxh4 Rxh3 36. Kg2 Rxh4 37. Rd4 Ke7 38. Ra4 a5 39. Rc4 39...
Kd7 0-1

[Event "DEM U16 2012"]
[Site "Oberhof GER"]
[Date "2012.05.27"]
[Round "1"]
[White "Noe, Christopher"]
[Black "Florstedt, Johannes"]
[Result "1-0"]
[Termination "normal"]
[Board "3"]
[WhiteElo "2158"]
[BlackElo "2093"]
[PlyCount "77"]
[WhiteFideId "24692018"]
[BlackFideId "12922293"]
[EventCountry "GER"]
[EventRounds "9"]
[EventType "swiss"]
[EventDate "2012.05.26"]

1. c4 c5 2. Nf3 g6 3. d4 cxd4 4. Nxd4 Bg7 5. Nc3 d5 6. cxd5 Qb6 7. e3 Nf6 8.
Be2 O-O 9. O-O Rd8 10. Nb3 a5 11. e4 a4 12. Be3 Qd6 13. Nc5 a3 14. Nb5 axb2 15.
Rb1 Qb6 16. Ne6 Qa5 17. Bd2 Qb6 18. Be3 Qa5 19. Nxd8 Qxd8 20. f3 Rxa2 21. Qb3
Qa5 22. Bd4 Na6 23. Rxb2 Rxb2 24. Qxb2 Bd7 25. Ra1 Qd8 26. Nc3 Qc7 27. Na4 h5
28. Nb6 Nb8 29. Ra8 Kh7 30. e5 Ng8 31. Rxb8 Qxb8 32. Nxd7 Qc8 33. Bb5 Nh6 34.
f4 Nf5 35. Nb6 Qc7 36. Qc3 Qd8 37. Bf2 Bh6 38. g3 Bf8 39. Qc8 1-0

[Event "DEM U16 2012"]
[Site "Oberhof GER"]
[Date "2012.05.27"]
[Round "1"]
[White "Gibicar, Danijel"]
[Black "Neef, Maximilian"]
[Result "0-1"]
[Termination "normal"]
[Board "4"]
[WhiteElo "2100"]
[BlackElo "2064"]
[PlyCount "120"]
[WhiteFideId "24660256"]
[BlackFideId "24692085"]
[EventCountry "GER"]
[EventRounds "9"]
[EventType "swiss"]
[EventDate "2012.05.26"]

1. d4 Nf6 2. c4 g6 3. Nc3 Bg7 4. e4 d6 5. f3 O-O 6. Be3 a6 7. Qd2 Nbd7 8. Nge2
c5 9. dxc5 dxc5 10. Rd1 Qc7 11. Nf4 e6 12. Be2 b6 13. Nd3 Bb7 14. O-O Ne8 15.
Nf2 Ne5 16. f4 Nc6 17. Bf3 Rd8 18. Qc1 Nd4 19. Ne2 Nxf3+ 20. gxf3 Nd6 21. Ng3
f5 22. Qc2 Nc8 23. Nh3 h6 24. Qe2 Ne7 25. e5 Nc6 26. Qf2 Rfe8 27. Kh1 Bf8 28.
Ng1 Be7 29. N1e2 Rxd1 30. Rxd1 Rd8 31. Qf1 Rxd1 32. Qxd1 Na5 33. b3 Bxf3+ 34.
Kg1 Bb7 35. Nc1 Qc6 36. Qd2 h5 37. Nd3 h4 38. Nf1 Qh1+ 39. Kf2 h3 40. Ke1 Bg2
41. Qe2 Bxf1 42. Qxf1 Qxh2 43. Nf2 Bh4 44. Qd3 Kf7 45. Qd7+ Be7 46. Qc8 Qg2 47.
Qh8 h2 48. Ke2 Nc6 49. Kd2 Nd4 50. Qh6 Nf3+ 51. Ke2 Nh4 52. Qh7+ Ke8 53. Qg8+
Kd7 54. Kd3 Qxf2 55. Bxf2 h1=Q 56. Bxh4 Qxh4 57. Qxg6 Qe1 58. Qg2 Qe4+ 59. Qxe4
fxe4+ 60. Kxe4 Bh4 0-1

[Event "DEM U16 2012"]
[Site "Oberhof GER"]
[Date "2012.05.27"]
[Round "1"]
[White "Carow, Johannes"]
[Black "Müller, Nick"]
[Result "1-0"]
[Termination "normal"]
[Board "5"]
[WhiteElo "2206"]
[BlackElo "2065"]
[PlyCount "33"]
[WhiteFideId "24692050"]
[BlackFideId "24692093"]
[EventCountry "GER"]
[EventRounds "9"]
[EventType "swiss"]
[EventDate "2012.05.26"]

1. d4 d5 2. c4 e6 3. Nf3 Nf6 4. Nc3 Be7 5. Bf4 O-O 6. e3 b6 7. Qc2 Bb7 8. Be2
dxc4 9. Bxc4 Nh5 10. Bg3 c5 11. O-O-O Qc8 12. d5 exd5 13. Nxd5 Bxd5 14. Bxd5
Nc6 15. Qa4 Nxg3 16. hxg3 Na5 17. Qe4 1-0

[Event "DEM U16 2012"]
[Site "Oberhof GER"]
[Date "2012.05.27"]
[Round "1"]
[White "Kreyssig, Robert"]
[Black "Yankelevich, Lev"]
[Result "1/2-1/2"]
[Termination "normal"]
[Board "6"]
[WhiteElo "1935"]
[BlackElo "2162"]
[PlyCount "40"]
[WhiteFideId "4662881"]
[BlackFideId "24684074"]
[EventCountry "GER"]
[EventRounds "9"]
[EventType "swiss"]
[EventDate "2012.05.26"]

1. d4 d5 2. c4 dxc4 3. e3 e5 4. Bxc4 exd4 5. exd4 Nc6 6. Nf3 Bg4 7. O-O Qd7 8.
d5 O-O-O 9. Nc3 Qf5 10. Bd3 Qh5 11. dxc6 Bd6 12. h3 f5 13. Nb5 Bxh3 14. gxh3
Qxh3 15. cxb7+ Kb8 16. Qa4 a6 17. Nxd6 Rxd6 18. Ne5 Ne7 19. Qf4 Qh5 20. Qh2 Qe8
1/2-1/2

[Event "DEM U16 2012"]
[Site "Oberhof GER"]
[Date "2012.05.27"]
[Round "1"]
[White "Moritz, Aron"]
[Black "Pixa, Richard"]
[Result "1-0"]
[Termination "normal"]
[Board "7"]
[WhiteElo "2130"]
[BlackElo "1875"]
[PlyCount "55"]
[WhiteFideId "24672319"]
[BlackFideId "4626095"]
[EventCountry "GER"]
[EventRounds "9"]
[EventType "swiss"]
[EventDate "2012.05.26"]

1. g3 d5 2. Bg2 c5 3. Nf3 Nc6 4. O-O Nf6 5. d3 e6 6. Nbd2 Bd6 7. e4 d4 8. a4 h6
9. Nc4 e5 10. Nh4 g5 11. Nf5 Bxf5 12. exf5 Qd7 13. a5 Rd8 14. Re1 O-O 15. Qf3
Nb4 16. Re2 Nc6 17. g4 a6 18. h4 Nh7 19. Qh3 Qe7 20. f4 Qf6 21. Bxc6 exf4 22.
Bxb7 gxh4 23. Nxd6 Ng5 24. Qh2 Qxd6 25. Rf2 Qe7 26. Be4 Nxe4 27. dxe4 Qxe4 28.
Bxf4 1-0

[Event "DEM U16 2012"]
[Site "Oberhof GER"]
[Date "2012.05.27"]
[Round "1"]
[White "Krause, Benedict"]
[Black "Stahnecker, Ludwig"]
[Result "1-0"]
[Termination "normal"]
[Board "8"]
[WhiteElo "1930"]
[BlackElo "2101"]
[PlyCount "77"]
[WhiteFideId "12917990"]
[BlackFideId "24692026"]
[EventCountry "GER"]
[EventRounds "9"]
[EventType "swiss"]
[EventDate "2012.05.26"]

1. e4 c5 2. Nf3 e6 3. d3 Nc6 4. g3 g6 5. Bg5 Qc7 6. Bg2 Bg7 7. c3 Nge7 8. O-O
O-O 9. Na3 h6 10. Be3 d6 11. Qd2 Kh7 12. Rad1 a6 13. d4 cxd4 14. Nxd4 Nxd4 15.
Bxd4 e5 16. Be3 Rd8 17. f4 Bg4 18. Rc1 Be6 19. f5 gxf5 20. exf5 Bxf5 21. Rxf5
Nxf5 22. Qd3 Kg8 23. Qxf5 d5 24. Qd3 Qd7 25. Bb6 e4 26. Qe3 Re8 27. Rf1 Qe6 28.
Nc2 a5 29. Bd4 Ra6 30. Rf4 Qg6 31. Bh3 h5 32. Bxg7 Qxg7 33. Nd4 Re5 34. Nf5 Qg6
35. Qd4 Qb6 36. Bf1 e3 37. Bxa6 e2 38. Bxe2 Qxd4+ 39. Nxd4 1-0